Every Premier League Goalscorer for Fulham - Statistics

General Stats
  • This quiz has been taken 198 times
    11 since last reset
  • The average score is 37 of 118
Answer Stats
Player % Correct
Aaron Hughes
88%
Adama Traoré
75%
Aleksandar Mitrović
75%
Alex Iwobi
75%
Andrew Johnson
75%
Clint Dempsey
75%
Collins John
75%
Danny Murphy
75%
Harry Wilson
75%
Louis Saha
75%
Orlando Sá
75%
Raúl Jiménez
75%
Bobby Decordova-Reid
63%
Brede Hangeland
63%
Daniel James
63%
Darren Bent
63%
Dimitar Berbatov
63%
Issa Diop
63%
Papa Bouba Diop
63%
Rodrigo Muniz
63%
Simon Davies
63%
Tim Ream
63%
Andy Cole
50%
Damien Duff
50%
Emile Smith Rowe
50%
Harrison Reed
50%
Joachim Andersen
50%
João Palhinha
50%
Kenny Tete
50%
Luís Boa Morte
50%
Ryan Sessegnon
50%
Scott Parker
50%
Tomasz Radzinski
50%
Willian
50%
Zoltán Gera
50%
Andreas Pereira
38%
André Schürrle
38%
Bobby Zamora
38%
Brian McBride
38%
Calvin Bassey
38%
Carlos Bocanegra
38%
Erik Nevland
38%
Jimmy Bullard
38%
Paul Konchesky
38%
Saša Lukić
38%
Sean Davis
38%
Steed Malbranque
38%
Timothy Castagne
38%
Tom Cairney
38%
Ademola Lookman
25%
Alexander Kačaniklić
25%
Barry Hayles
25%
Bryan Ruiz
25%
Chris Baird
25%
Chris David
25%
David Elm
25%
Dickson Etuhu
25%
Fábio Carvalho
25%
Facundo Sava
25%
Ian Pearce
25%
Jean Michaël Seri
25%
Kieran Richardson
25%
Lee Clark
25%
Luciano Vietto
25%
Mark Pembridge
25%
Mousa Dembélé
25%
Pajtim Kasami
25%
Ryan Babel
25%
Stefano Okaka
25%
Steve Marlet
25%
Tosin Adarabioyo
25%
Zat Knight
25%
Aboubakar Kamara
13%
Ashkan Dejagah
13%
Bjarne Goldbæk
13%
Calum Chambers
13%
Carlos Vinícius
13%
Cauley Woodrow
13%
Claus Jensen
13%
David Healy
13%
Diomansy Kamara
13%
Franck Queudrue
13%
Gaël Kakuta
13%
Hameur Bouazza
13%
Heiðar Helguson
13%
Hugo Rodallega
13%
Ivan Cavaleiro
13%
Joe Bryan
13%
John Heitinga
13%
Jonathan Greening
13%
Jon Harley
13%
Josh Maja
13%
Junichi Inamoto
13%
Kevin
13%
Ki-hyeon Seol
13%
Lewis Holtby
13%
Mahamadou Diarra
13%
Martin Djetou
13%
Mladen Petrić
13%
Moritz Volz
13%
Ola Aina
13%
Philippe Christanval
13%
Philippe Senderos
13%
Pierre Womé
13%
Reiss Nelson
13%
Steve Sidwell
13%
Sylvain Legwinski
13%
Vincenzo Montella
13%
Fernando Amorebieta
0%
Floyd Ayité
0%
Giorgos Karagounis
0%
Manor Solomon
0%
Mario Lemina
0%
Pavel Pogrebnyak
0%
Ruben Loftus-Cheek
0%
Samuel Chukwueze
0%
Sascha Riether
0%
Urby Emanuelson
0%
No matching quizzes found
Score Distribution
Percent of People with Each Score
Percentile by Number Answered
Your Score History
You have not taken this quiz since the last reset